000 01149nam a2200241Ia 4500
999 _c40506
_d40506
001 7117
003 GE_BSU
005 20230914130450.0
008 181216s2012||||ge |||||||||||||| ||geo||
020 _a9789941196560.
040 _cGE_BSU
041 _ageo
080 _a821..353.1-31+821.353.1-32 ჭ-46
100 _aჭილაძე, თამაზ
_918933
245 _aაჰა მიწურა ; ზამთარი : რომანი ; თეთრი კვამლი : რომანი ; პოსეიდონის სასახლე : მოთხრობა :
_bტ.3 /
_cთამაზ ჭილაძე ; სარედ.ჯგუფი : ზურაბ აბაშიძე ; მანანა ჯანელიძე ; ირმა ხარშილაძე.
264 _aთბილისი :
_bპალიტრა L,
_c2012.
300 _a504 გვ. ;
_bფოტო გარეკანზე,
_c20 სმ.
490 _aჩემი რჩეული
_vტ 57
_xISSN 2233-3037
541 _h8ლ.
653 _aრომანი
653 _aმოთხრობა
942 _cBK
_2udc